The Embryology of angiosperms/ (Record no. 209156)

MARC details
000 -LEADER
fixed length control field 00861nam a22002297a 4500
005 - DATE AND TIME OF LATEST TRANSACTION
control field 20250424112308.0
010 ## - LCCN (DPL NO)
LC control number B-767217-225 BACEN25
020 ## - INTERNATIONAL STANDARD BOOK NUMBER
International Standard Book Number 9789325981294
Terms of availability 495.00
035 ## - SYSTEM CONTROL NUMBER
System control number B-767217-225
037 ## - SOURCE OF ACQUISITION
Source of stock number/acquisition UDH Pub.
082 ## - DEWEY DECIMAL CLASSIFICATION NUMBER
Classification number 571.862
100 ## - MAIN ENTRY--PERSONAL NAME
Personal name Bhojwani,S.S.
245 ## - TITLE STATEMENT
Title The Embryology of angiosperms/
Statement of responsibility, etc by S.S.Bhojwani, S.P. Bhatnagar [and] P.K. Dantu
250 ## - EDITION STATEMENT
Edition statement 6
260 ## - PUBLICATION, DISTRIBUTION, ETC. (IMPRINT)
Place of publication, distribution, etc Noida
Name of publisher, distributor, etc Vikas Publishing House
Date of publication, distribution, etc 2018(rep) 2020 (rep)
270 ## - ADDRESS
Address E-28,Sector-8
City Noida (UP)
Postal code 201301
300 ## - PHYSICAL DESCRIPTION
Extent xii,376p.
Dimensions 28cm(pbk)
Other physical details ill.
700 ## - ADDED ENTRY--PERSONAL NAME
Personal name Bhanagar,S.P.
9 (RLIN) 77214
700 ## - ADDED ENTRY--PERSONAL NAME
Personal name P.K. Dantu
9 (RLIN) 77215
942 ## - ADDED ENTRY ELEMENTS (KOHA)
Source of classification or shelving scheme Dewey Decimal Classification
Item type English Books
Call number suffix BHO
Classification part 571.862
Holdings
Withdrawn status Lost status Not for loan Collection code Home library Current library Date acquired Source of acquisition Cost, normal purchase price Full call number Barcode Copy number Cost, replacement price Koha item type
      Non-fiction Ashok Vihar Ashok Vihar 24/04/2025 UDH Pub./BS/7061/20.3.25/70/15.3.25/26.3.25 495.00 BHO 571.862 B-767218 1 495.00 English Books
      Non-fiction Bawana Bawana 24/04/2025 UDH Pub./BS/7061/20.3.25/70/15.3.25/26.3.25 495.00 BHO 571.862 B-767224 1 495.00 English Books
      Non-fiction Central Library Central Library 24/04/2025 UDH Pub./BS/7061/20.3.25/70/15.3.25/26.3.25 495.00 BHO 571.862 B-767217 1 495.00 English Books
      Non-fiction Janak Puri Janak Puri 24/04/2025 UDH Pub./BS/7061/20.3.25/70/15.3.25/26.3.25 495.00 BHO 571.862 B-767220 1 495.00 English Books
      Non-fiction Narela Narela 24/04/2025 UDH Pub./BS/7061/20.3.25/70/15.3.25/26.3.25 495.00 BHO 571.862 B-767223 1 495.00 English Books
      Non-fiction Patel Nagar Patel Nagar 24/04/2025 UDH Pub./BS/7061/20.3.25/70/15.3.25/26.3.25 495.00 BHO 571.862 B-767219 1 495.00 English Books
      Non-fiction Sarojini Nagar Sarojini Nagar 24/04/2025 UDH Pub./BS/7061/20.3.25/70/15.3.25/26.3.25 495.00 BHO 571.862 B-767221 1 495.00 English Books
      Non-fiction Shahdara Branch Shahdara Branch 24/04/2025 UDH Pub./BS/7061/20.3.25/70/15.3.25/26.3.25 495.00 BHO 571.862 B-767225 1 495.00 English Books
      Non-fiction Vinoba Puri Vinoba Puri 24/04/2025 UDH Pub./BS/7061/20.3.25/70/15.3.25/26.3.25 495.00 BHO 571.862 B-767222 1 495.00 English Books

© Delhi Public Library
Hit Counter
free hit counter